[Event "AUTO-INT-1834"]
[Site "http://www.queenalice.com/game.php?id=888432"]
[Date "2011.1.19"]
[Round "2"]
[White "Panzer85"]
[Black "Lopesq"]
[Result "0-1"]
[WhiteElo "1688"]
[BlackElo "1858"]

1. e4 c5 2. Bc4 e6 3. Nc3 Be7 4. d3 Nc6 5. Nf3 a6 6. a3 d6 7. d4 cxd4 8. Nxd4
Nxd4 9. Qxd4 e5 10. Qd5 Be6 11. Qd3 Bxc4 12. Qxc4 Nf6 13. Ne2 O-O 14. f4 Rc8 15.
Qd3 Nh5 16. f5 Nf6 17. O-O Ng4 18. b4 Qb6+ 19. Kh1 Nf2+ 20. Rxf2 Qxf2 21. h3 Qh4
22. Nc3 b5 23. Nd5 Bg5 24. Bxg5 Qxg5 25. f6 Rc4 26. Ne7+ Kh8 27. Nd5 Rd4 28. Qe2
g6 29. Nc7 Qxf6 30. Nxa6 Qf4 31. Re1 Rd2 32. Qxb5 Qf2 33. Rg1 Rxc2 34. Qd7 Re2
35. Qxd6 Rg8 36. Qxe5+ f6 37. Qe7 Qf4 38. Nc5 Qh6 39. Qxf6+ Qg7 40. Qf3 Rd2 41.
b5 Rf8 42. Qe3 Rd6 43. a4 Rfd8 44. a5 Rd1 45. Ne6 Rxg1+ 46. Kxg1 Rd1+ 47. Kf2
Qb2+ 48. Kg3 Qe5+ 49. Nf4 Qg5+ 50. Kf2 Qf6 51. Qf3 Rd2+ 52. Ke3 Qc3+ 0-1

[Event "AUTO-INT-1834"]
[Site "http://www.queenalice.com/game.php?id=888433"]
[Date "2011.1.19"]
[Round "2"]
[White "Lopesq"]
[Black "Panzer85"]
[Result "1-0"]
[WhiteElo "1802"]
[BlackElo "1740"]

1. d4 c5 2. dxc5 e6 3. e3 Nf6 4. b4 b5 5. c3 a5 6. a3 a4 7. Qf3 Ra7 8. Qd1 Nc6
9. Nf3 e5 10. Bxb5 d5 11. Bxc6+ Bd7 12. Bxd7+ Nxd7 13. Bb2 Be7 14. c6 Nb6 15.
Nxe5 O-O 16. Nd2 Re8 17. Ndf3 Bd6 18. Nd3 Re6 19. Nc5 Bxc5 20. bxc5 Nc4 21. Bc1
Rxc6 22. O-O Rxc5 23. Nd4 Nd6 24. Bd2 Ne4 25. Be1 Nxc3 26. Bxc3 Rxc3 27. Nb5
Rac7 28. Nxc3 Rxc3 29. Qxa4 1-0

[Event "Let's Play Chess!"]
[Site "http://www.queenalice.com/game.php?id=888572"]
[Date "2011.1.20"]
[Round "-"]
[White "betogroo"]
[Black "Panzer85"]
[Result "0-1"]
[WhiteElo "1443"]
[BlackElo "1739"]

1. d4 c5 2. d5 d6 3. e4 e5 4. c4 Bd7 5. Nc3 a6 6. a3 b5 7. Bd3 Ne7 8. Bg5 h6 9.
Qh5 Qb6 10. Nf3 bxc4 11. Bxc4 Qxb2 12. Rc1 Ng6 13. Rb1 Qxc3+ 14. Ke2 Qxc4+ 15.
Ke3 Bb5 16. Rhe1 Qd3# 0-1

[Event "Let's Play Chess!"]
[Site "http://www.queenalice.com/game.php?id=889015"]
[Date "2011.1.21"]
[Round "-"]
[White "holly2106"]
[Black "Panzer85"]
[Result "1-0"]
[WhiteElo "1827"]
[BlackElo "1688"]

1. e4 e5 2. Nf3 Nc6 3. c3 Nf6 4. d4 d6 5. dxe5 Nxe4 6. Bd3 Nc5 7. exd6 Bxd6 8.
Bb5 Bd7 9. Be3 a6 10. Be2 O-O 11. O-O h6 12. Nbd2 b5 13. Qc2 Bg4 14. h3 Bh5 15.
Rfe1 Bxf3 16. Bxf3 Qd7 17. Rad1 Nd3 18. Re2 b4 19. Nc4 Nde5 20. Nxe5 Nxe5 21.
Bxa8 Rxa8 22. Bc5 Qe6 23. Bxd6 cxd6 24. f4 Qxa2 25. fxe5 b3 26. Qe4 Re8 27. Rxd6
a5 28. Qd3 1-0

[Event "Let's Play Chess!"]
[Site "http://www.queenalice.com/game.php?id=889016"]
[Date "2011.1.21"]
[Round "-"]
[White "Panzer85"]
[Black "holly2106"]
[Result "0-1"]
[WhiteElo "1679"]
[BlackElo "1839"]

1. e4 c5 2. Bc4 e6 3. Nc3 Nc6 4. d3 a6 5. Nf3 b5 6. Bb3 Bb7 7. a3 Qc7 8. Ba2 Nf6
9. b4 cxb4 10. axb4 Nxb4 11. Bb3 Qxc3+ 12. Bd2 Qc7 13. Bxb4 Bxb4+ 14. Nd2 Qc3
15. h3 Bxe4 16. Ra2 O-O 17. O-O Qxd2 18. Qxd2 Bxd2 19. dxe4 Nxe4 20. Rd1 Bb4 21.
Rxd7 Nf6 22. Rd4 a5 23. Rd3 Rfd8 24. Re3 Rd2 25. Ra1 Rad8 26. c3 Bc5 27. Re5
Bxf2+ 28. Kf1 a4 29. Bd1 Bg3 30. Rxb5 Rxd1+ 31. Rxd1 Rxd1+ 0-1

[Event "Let's Play Chess!"]
[Site "http://www.queenalice.com/game.php?id=889360"]
[Date "2011.1.22"]
[Round "-"]
[White "Panzer85"]
[Black "charles31"]
[Result "1-0"]
[WhiteElo "1726"]
[BlackElo "1752"]

1. e4 e5 2. Bc4 Nf6 3. Nf3 d6 4. Ng5 Bg4 5. f3 Bh5 6. Nc3 h6 7. Nh3 c6 8. d4
exd4 9. Qxd4 b5 10. Bb3 c5 11. Qe3 c4 12. Nxb5 cxb3 13. axb3 Nc6 14. O-O Be7 15.
Bd2 O-O 16. Nxa7 Nxa7 17. Rxa7 Rxa7 18. Qxa7 d5 19. exd5 Nxd5 20. Rd1 Bg5 21.
Nxg5 hxg5 22. Bb4 Re8 23. c4 g4 24. Rxd5 Qc8 25. Rxh5 gxf3 26. gxf3 Qe6 27. Bc3
Qg6+ 28. Kf2 Qxh5 29. Qc7 Qh4+ 30. Qg3 Qh7 31. Qg4 Qxh2+ 32. Kf1 Qe2+ 33. Kg1
Qd1+ 34. Kg2 Re2+ 35. Kg3 Qg1+ 36. Kf4 Rg2 37. Qc8+ Kh7 38. Qh3+ Kg6 39. c5 Qf2
40. c6 Rg5 41. c7 Rc5 42. c8=Q Rxc8 43. Qxc8 Qh4+ 44. Qg4+ Qxg4+ 45. fxg4 1-0

[Event "Let's Play Chess!"]
[Site "http://www.queenalice.com/game.php?id=889365"]
[Date "2011.1.22"]
[Round "-"]
[White "charles31"]
[Black "Panzer85"]
[Result "1-0"]
[WhiteElo "1776"]
[BlackElo "1744"]

1. e4 e5 2. Nf3 Nc6 3. a3 Bc5 4. Nc3 d6 5. Bb5 Bd7 6. Bxc6 Bxc6 7. d4 exd4 8.
Nxd4 Qf6 9. Be3 Bd7 10. Nd5 Qd8 11. Qd3 c6 12. Nb3 Bxe3 13. Nxe3 Nf6 14. h3 O-O
15. O-O-O d5 16. exd5 Nh5 17. d6 Nf4 18. Qf1 b6 19. g3 Ne6 20. f4 c5 21. f5 Ng5
22. g4 Ne4 23. Nc4 Ng3 24. Qf3 Nxh1 25. Qxh1 h6 26. h4 Rc8 27. Rd2 Bc6 28. Qf1
Qxh4 29. Ne5 Rfd8 30. Nxc6 Rxc6 31. d7 Qg5 32. Kb1 Rc7 33. Qe2 Rcxd7 34. Rxd7
Rxd7 35. Qe8+ Kh7 36. Qxd7 Qxg4 37. Qxf7 Qd1+ 38. Ka2 Qxc2 39. f6 Qg2 40. Qxa7
c4 41. Nc1 c3 42. Qxb6 gxf6 43. Qc7+ Kg6 44. Qxc3 f5 45. Qd3 Kg5 46. Ne2 f4 47.
Qb5+ Kg4 48. Qe5 Qf2 49. Qg7+ Kf3 50. Nd4+ Ke3 51. Nf5+ Ke2 52. Qxh6 f3 53. Qe6+
Kf1 54. Qc4+ Kg2 55. Nh4+ Kg3 56. Nf5+ Kg2 57. Qg4+ Kf1 58. Ng3+ Ke1 59. Qe4+
Kd1 60. Qb1+ Kd2 61. Ne4+ Ke2 62. Qc2+ Ke3 63. Nxf2 Kf4 64. Qd3 Kg3 65. Qe3 Kg2
66. Ne4 Kh1 67. Qxf3+ Kg1 68. Qg3+ Kh1 69. Nf2# 1-0

[Event "Let's Play Chess!"]
[Site "http://www.queenalice.com/game.php?id=889700"]
[Date "2011.1.22"]
[Round "-"]
[White "hunasses"]
[Black "Panzer85"]
[Result "0-1"]
[WhiteElo "1943"]
[BlackElo "1755"]

1. h4 e5 2. h5 h6 3. d4 exd4 4. Qxd4 Nc6 5. Qe4+ Be7 6. Nc3 Nf6 7. Qc4 d5 8. Qd3
Bg4 9. a3 Bxh5 10. Bf4 Bg6 11. Qg3 Rc8 12. O-O-O d4 13. e3 Bd6 14. Bxd6 cxd6 15.
Bd3 Bxd3 16. Rxd3 dxc3 17. Rxc3 g6 18. Qf4 Nd5 19. Qe4+ Nde7 20. Qf3 O-O 21.
Rxh6 Nf5 22. Rh1 Qg5 23. Qh3 Nh4 24. Qxh4 Qxh4 25. Rxh4 Ne5 26. Rb3 b6 27. f4
Nc4 28. Nf3 Rfe8 29. Ng5 Nxe3 30. Rh1 Nxg2 31. f5 Re5 32. Rbh3 Kg7 33. Rg1 Nf4
34. Rh7+ Kg8 35. Rxf7 Ne2+ 36. Kd1 Nxg1 37. Rxa7 Rxf5 38. Ne6 Nf3 39. Rg7+ Kh8
40. Rxg6 Rh5 41. c3 Rh2 42. Kc1 Rg8 43. Rxg8+ Kxg8 44. Nc7 Ne5 45. Nb5 Nd3+ 46.
Kd1 Nxb2+ 0-1

[Event "Anatoli Kárpov"]
[Site "http://www.queenalice.com/game.php?id=889962"]
[Date "2011.1.23"]
[Round "1"]
[White "murphyfish"]
[Black "Panzer85"]
[Result "0-1"]
[WhiteElo "1342"]
[BlackElo "1743"]

1. e4 e5 2. d4 exd4 3. Qxd4 Nc6 4. Qc4 Ne5 5. Qb3 Nf6 6. Bf4 d6 7. Be2 Nxe4 8.
Nc3 Nc5 9. Qd5 Be6 10. Qd4 Nc6 11. Qe3 Nb4 12. Rd1 Nxc2+ 13. Kd2 Nxe3 14. fxe3
d5 15. Nf3 Ne4+ 16. Nxe4 dxe4+ 17. Nd4 c5 18. Bb5+ Bd7 19. Rc1 cxd4 20. Bc4
dxe3+ 21. Bxe3 Bb5+ 22. Kc3 Bxc4 23. Kxc4 Qd3# 0-1

[Event "Let's Play Chess!"]
[Site "http://www.queenalice.com/game.php?id=891097"]
[Date "2011.1.25"]
[Round "-"]
[White "Panzer85"]
[Black "sioux"]
[Result "1-0"]
[WhiteElo "1741"]
[BlackElo "1595"]

1. e4 c5 2. Bc4 Nf6 3. Nf3 Nxe4 4. Ne5 e6 5. d3 Bd6 6. Bf4 Bxe5 7. Bxe5 Nf6 8.
g4 d6 9. Bg3 O-O 10. Bh4 d5 11. Bb3 h6 12. g5 hxg5 13. Bxg5 Nbd7 14. h4 d4 15.
h5 b5 16. Qf3 Rb8 17. h6 g6 18. Nd2 Bb7 19. Ne4 Bxe4 20. dxe4 c4 21. e5 Nxe5 22.
Qxf6 Qxf6 23. Bxf6 Kh7 24. Bxe5 Rbd8 25. Bc7 Rd7 26. Be5 cxb3 27. axb3 Rd5 28.
Bf6 Ra8 29. Ra6 d3 30. Rc6 dxc2 31. Rxc2 Rad8 32. Bxd8 Rxd8 33. Rc7 Ra8 34.
Rxf7+ Kg8 35. Rg7+ Kh8 36. Rxg6 Rc8 37. Kd2 Rd8+ 38. Ke3 e5 39. h7 Rc8 40. Rg8+
Rxg8 41. hxg8=N+ Kxg8 42. Ra1 a5 43. Rxa5 b4 44. Rxe5 Kf7 45. Rb5 Ke6 46. Rxb4
Ke5 47. Rc4 Kd6 48. b4 Kd5 49. b3 Ke5 50. b5 1-0

[Event "Let's Play Chess!"]
[Site "http://www.queenalice.com/game.php?id=891238"]
[Date "2011.1.25"]
[Round "-"]
[White "Panzer85"]
[Black "gustavline"]
[Result "1-0"]
[WhiteElo "1702"]
[BlackElo "1792"]

1. e4 e6 2. d4 d5 3. Nc3 Nf6 4. Bg5 Be7 5. e5 Nfd7 6. h4 h6 7. Bxe7 Qxe7 8. Qg4
Rg8 9. O-O-O c5 10. f4 cxd4 11. Rxd4 Nc6 12. Rd1 Nb6 13. Nf3 Bd7 14. Nb5 Nc8 15.
Nc7+ Kd8 16. Nxa8 Nb4 17. Kb1 Ba4 18. b3 Qc5 19. Rd2 Bc6 20. Nd4 Qa5 21. a4 Bxa4
22. bxa4 Qxa4 23. c3 Qb3+ 24. Nxb3 1-0

[Event "Let's Play Chess!"]
[Site "http://www.queenalice.com/game.php?id=891239"]
[Date "2011.1.25"]
[Round "-"]
[White "gustavline"]
[Black "Panzer85"]
[Result "1-0"]
[WhiteElo "1756"]
[BlackElo "1736"]

1. d4 c5 2. c3 e6 3. e3 Qf6 4. Nf3 Nc6 5. Bc4 d5 6. Bb3 c4 7. Bc2 b5 8. a4 Ba6
9. axb5 Bxb5 10. Ba4 Bxa4 11. Qxa4 Ne7 12. Na3 a6 13. Ne5 Rc8 14. Nxc6 Nxc6 15.
Qxa6 Bxa3 16. Qxc8+ Nd8 17. Rxa3 O-O 18. b3 Qg5 19. O-O h5 20. bxc4 h4 21. e4
Qg6 22. e5 Qe4 23. h3 dxc4 24. Qxc4 Nc6 25. f3 Nxe5 26. fxe4 Nxc4 27. Ra4 Nb6
28. Rb4 Nd7 29. Bg5 1-0

[Event "Let's Play Chess!"]
[Site "http://www.queenalice.com/game.php?id=893058"]
[Date "2011.1.30"]
[Round "-"]
[White "Slava"]
[Black "Panzer85"]
[Result "1-0"]
[WhiteElo "1956"]
[BlackElo "1743"]

1. f4 d5 2. Nf3 c5 3. d4 e6 4. Nc3 Nc6 5. b3 Nf6 6. Bb2 cxd4 7. Nxd4 Bd7 8. Qd2
Bb4 9. Nxc6 Bxc6 10. Qd4 Ne4 11. Qxb4 a5 12. Qd4 O-O 13. O-O-O f6 14. g4 Qd6 15.
Nxe4 Qxf4+ 16. Nd2 1-0

[Event "Let's Play Chess!"]
[Site "http://www.queenalice.com/game.php?id=893123"]
[Date "2011.1.30"]
[Round "-"]
[White "Panzer85"]
[Black "Slava"]
[Result "0-1"]
[WhiteElo "1758"]
[BlackElo "1987"]

1. e4 e5 2. Bc4 Nf6 3. Nf3 Nxe4 4. d3 Nd6 5. Nxe5 f6 6. Nf3 Nxc4 7. dxc4 Bc5 8.
Nc3 d6 9. a3 Bg4 10. h3 Qe7+ 11. Kf1 Bh5 12. Bf4 g5 13. Bh2 Nc6 14. Qd3 O-O-O
15. b4 Bb6 16. Nd5 Qf7 17. Nxb6+ axb6 18. g4 Bg6 19. Qc3 h5 20. Kg2 hxg4 21.
hxg4 Be4 22. Rhe1 Bxf3+ 23. Qxf3 Rdf8 24. Qd3 Ne5 25. Qf5+ Kb8 26. Re4 Nxc4 27.
a4 Ne5 28. a5 bxa5 29. bxa5 Qh7 30. Qxh7 Rxh7 31. a6 b6 32. a7+ Kb7 33. Rea4 Ra8
34. f4 Nxg4 35. Bg3 gxf4 36. Bxf4 Rg7 37. Kf3 Ne5+ 38. Ke4 Nc6 39. c3 Rxa7 40.
Be3 Rg4+ 41. Bf4 Rxa4+ 42. Rxa4 Ne7 43. Kf3 f5 44. Ra1 Nd5 45. Bd2 c5 46. Rh1
Kc6 47. Rh5 Ne7 48. Rh7 Kd7 49. Bh6 d5 50. Bf8 Re4 51. Rf7 Ke8 52. Rf6 b5 53.
Bxe7 Kxe7 54. Rxf5 Ke6 55. Rh5 b4 56. cxb4 cxb4 57. Rh6+ Kd7 58. Rh7+ Kc6 59.
Rh1 Kb5 60. Rd1 Kc5 61. Rc1+ Rc4 62. Rd1 b3 63. Kg2 b2 64. Rb1 Rc2+ 65. Kf3 Kc4
66. Ke3 Kc3 67. Kf3 Rc1 0-1

[Event "Challenge 9"]
[Site "http://www.queenalice.com/game.php?id=897489"]
[Date "2011.2.8"]
[Round "-"]
[White "jeffcom2f"]
[Black "Panzer85"]
[Result "1-0"]
[WhiteElo "1913"]
[BlackElo "1756"]

1. e4 e5 2. Nf3 Nc6 3. d4 exd4 4. Nxd4 Bc5 5. Nxc6 bxc6 6. Nc3 d6 7. Qe2 Ne7 8.
Be3 Bxe3 9. Qxe3 d5 10. O-O-O Be6 11. Be2 Qc8 12. Rhg1 O-O 13. g4 Re8 14. f3 Bd7
15. h4 c5 16. Qxc5 dxe4 17. Nxe4 Nc6 18. g5 Re5 19. Qf2 Bf5 20. Nf6+ gxf6 21.
gxf6+ Kh8 22. Bd3 Nb4 23. Bxf5 Qxf5 24. Kb1 Qxf6 25. Rd7 c6 26. Qg3 Rb8 27. Rxf7
Qe6 28. Qg7# 1-0

[Event "Challenge"]
[Site "http://www.queenalice.com/game.php?id=900352"]
[Date "2011.2.14"]
[Round "-"]
[White "cass"]
[Black "Panzer85"]
[Result "1-0"]
[WhiteElo "1712"]
[BlackElo "1759"]

1. e4 e5 2. Nf3 Nc6 3. d4 exd4 4. Nxd4 Bc5 5. c3 Bxd4 6. cxd4 d6 7. Bc4 Bd7 8.
Qf3 Qf6 9. Qe3 Nxd4 10. Qd3 Qg6 11. Qxd4 Qxg2 12. Rf1 Nf6 13. e5 Ne4 14. Qd5 O-O
15. Qxb7 Qxh2 16. Bxf7+ Kxf7 17. Qxe4 Kg8 18. Rh1 Qxf2+ 19. Kd1 h6 20. Qd5+ Kh8
21. Bxh6 gxh6 22. exd6 cxd6 23. Rxh6+ Kg7 24. Qg5+ Kf7 25. Rh7+ Ke8 26. Qe7# 1-0

[Event "Anatoli Kárpov"]
[Site "http://www.queenalice.com/game.php?id=912044"]
[Date "2011.3.12"]
[Round "2"]
[White "Panzer85"]
[Black "digger"]
[Result "1-0"]
[WhiteElo "1779"]
[BlackElo "1549"]

1. e4 e5 2. Bc4 Qe7 3. Nc3 Qf6 4. Nf3 Bc5 5. d3 Nc6 6. Nd5 Qd6 7. a3 Nge7 8. b4
Bd4 9. Rb1 O-O 10. Bg5 f6 11. Nxe7+ Kh8 12. Nxc6 fxg5 13. Ncxd4 exd4 14. Nxg5
Qf4 15. Nf3 d6 16. O-O Qf6 17. Qd2 Bg4 18. Ne1 c6 19. h3 b5 20. Bxb5 cxb5 21.
hxg4 Rf7 22. g5 Qe6 23. Rc1 Qa2 24. f4 a6 25. Nf3 a5 26. e5 dxe5 27. Nxe5 Re7
28. Nc6 Rc7 29. Nxd4 axb4 30. Qxb4 Rcc8 31. Ra1 Qd5 32. a4 bxa4 33. Rxa4 Rcb8
34. Rxa8 Rxa8 35. Rb1 h6 36. gxh6 gxh6 37. Qb6 Rg8 38. Qxh6# 1-0

[Event "Challenge"]
[Site "http://www.queenalice.com/game.php?id=915133"]
[Date "2011.3.20"]
[Round "-"]
[White "Scaracioli"]
[Black "Panzer85"]
[Result "1/2-1/2"]
[WhiteElo "1737"]
[BlackElo "1786"]

1. e4 e5 2. a3 Bc5 3. b4 Bb6 4. c4 d6 5. Bb2 f5 6. f3 f4 7. d4 a6 8. c5 Ba7 9.
dxe5 dxc5 10. Qxd8+ Kxd8 11. e6 Bxe6 12. g4 fxg3 13. Bxg7 gxh2 14. Rxh2 cxb4 15.
Ne2 bxa3 16. Rxa3 Bc5 17. Rd3+ Nd7 18. Bxh8 c6 19. Rxh7 Kc7 20. Bc3 b5 21. Be5+
Kc8 22. Bd4 a5 23. Bxc5 Nxc5 24. Rd6 Bd7 25. Rh8 Kc7 26. e5 Re8 27. Rg6 Ne7 28.
Rxe8 Nxg6 29. f4 Bxe8 30. Bh3 Nd3+ 31. Kd2 Ndxf4 32. Nxf4 Nxf4 33. Bg4 b4 34.
Ke3 Nd5+ 35. Kd4 a4 36. Bd1 a3 37. Bb3 Nb6 38. Kc5 Nd5 39. Nd2 Kd7 40. Bxd5 cxd5
41. Nb3 Bf7 42. Kxb4 Ke6 43. Kxa3 Kxe5 44. Kb4 Bh5 45. Kc5 Bd1 46. Nd4 Ke4 47.
Nc6 Ba4 48. Nb4 d4 49. Kc4 Ke3 50. Nd5+ Ke4 51. Nb4 Bd7 52. Kc5 Ke3 53. Nd5+ Ke4
54. Nb4 Be6 55. Kd6 Bc4 56. Kc5 Bd3 57. Nd5 Bb5 58. Nb4 Bf1 59. Kd6 Ke3 60. Nc2+
Kd3 61. Nxd4 Kxd4 62. Ke6 Bc4+ 1/2-1/2

[Event "Challenge"]
[Site "http://www.queenalice.com/game.php?id=924938"]
[Date "2011.4.12"]
[Round "-"]
[White "Scaracioli"]
[Black "Panzer85"]
[Result "0-1"]
[WhiteElo "1664"]
[BlackElo "1784"]

1. e4 e5 2. a3 Bc5 3. b4 Bb6 4. c3 Nf6 5. d3 d6 6. f3 h6 7. d4 O-O 8. d5 c6 9.
c4 Bd4 10. Ra2 c5 11. Ne2 b6 12. Bb2 Bxb2 13. Rxb2 a6 14. h3 b5 15. bxc5 dxc5
16. cxb5 axb5 17. Rxb5 Nbd7 18. Qb3 Ba6 19. a4 Bxb5 20. axb5 Qa5+ 21. Nec3 Rfb8
22. Be2 Nh5 23. O-O Ng3 24. Rf2 Nb6 25. Kh2 Nxe2 26. Rxe2 c4 27. Qb2 Nd7 28. Qc1
Nc5 29. Rb2 Nd3 30. Qd2 Nxb2 31. Qxb2 Ra6 32. g4 Qb6 33. Na3 Qe3 34. Kg2 Rf6 35.
Qe2 Qxc3 36. Nc2 Rxb5 37. Kg3 Rb2 0-1

[Event "Challenge"]
[Site "http://www.queenalice.com/game.php?id=929336"]
[Date "2011.4.23"]
[Round "-"]
[White "edemarc"]
[Black "Panzer85"]
[Result "1-0"]
[WhiteElo "1622"]
[BlackElo "1795"]

1. e4 e5 2. Nf3 Nc6 3. Nc3 Bb4 4. Nd5 Bc5 5. c3 Nf6 6. d3 Nxd5 7. exd5 Ne7 8.
Bg5 f6 9. Bh4 Nxd5 10. d4 exd4 11. cxd4 Bb4+ 12. Nd2 d6 13. Qh5+ g6 14. Qxd5 g5
15. Bg3 Qe7+ 16. Be2 c6 17. Qc4 d5 18. Qd3 f5 19. O-O f4 20. Rfe1 Qg7 21. Bh5+
Kd7 22. Re2 Kc7 23. Rae1 fxg3 24. fxg3 b6 25. a3 Bd6 26. b4 Bd7 27. h3 g4 28.
hxg4 Bxg4 29. Bxg4 Qxg4 30. Qc3 Rad8 31. b5 c5 32. Nf1 h5 33. Nh2 Qg5 34. Rf1
Bxg3 35. Nf3 Qg7 36. Ne5 Bxe5 37. dxe5 h4 38. Qh3 Rde8 39. e6 Qd4+ 40. Kh1 Rhg8
41. Qh2+ Kc8 42. e7 Qd3 43. Ree1 Qxa3 44. Qd6 Qa2 45. Qe6+ Kc7 46. Re2 Qc4 47.
Rf8 Qc1+ 48. Kh2 Qg5 49. Qc6+ Kb8 50. Qxe8+ Kc7 51. Qb8+ Kd7 52. e8=Q# 1-0

[Event "Anatoli Kárpov"]
[Site "http://www.queenalice.com/game.php?id=949550"]
[Date "2011.6.14"]
[Round "3"]
[White "pokemon"]
[Black "Panzer85"]
[Result "0-1"]
[WhiteElo "1801"]
[BlackElo "1772"]

1. d4 c5 2. c3 e6 3. e3 Nf6 4. Bd3 cxd4 5. cxd4 Bb4+ 6. Nd2 Nc6 7. a3 Bxd2+ 8.
Bxd2 e5 9. dxe5 Nxe5 10. Bc2 O-O 11. Bc3 d6 12. Nf3 Bg4 13. Bxe5 dxe5 14. Qxd8
Raxd8 15. Nxe5 Rfe8 16. Nxg4 Nxg4 17. h3 Nf6 18. O-O Rd2 19. Rac1 g6 20. Rfd1
Re2 21. Kf1 Rxc2 22. Rxc2 Re7 23. Rd8+ Kg7 24. b4 Ne4 25. Ke2 f5 26. Kf3 Ng5+
27. Ke2 f4 28. Rdc8 Ne6 29. Kf3 Rf7 30. Ke2 g5 31. Rd2 h5 32. Rcd8 Nxd8 33. Rxd8
Rc7 34. Kd3 Rf7 35. e4 Rc7 36. f3 Kf7 37. Rd6 Kg7 38. a4 Rc1 39. Rd7+ Kg6 0-1

[Event "Anatoli Kárpov"]
[Site "http://www.queenalice.com/game.php?id=988232"]
[Date "2011.9.21"]
[Round "5"]
[White "pacou93"]
[Black "Panzer85"]
[Result "1-0"]
[WhiteElo "1835"]
[BlackElo "1804"]

1. e4 e5 2. Nf3 Nc6 3. Bc4 Bc5 4. d3 h6 5. c3 d6 6. O-O Bg4 7. h3 Bh5 8. Be3 Nf6
9. Bxc5 dxc5 10. Nbd2 a6 11. a4 Rb8 12. Qb3 Na5 13. Qa2 b5 14. Bb3 c6 15. Nxe5
Nxb3 16. Nxb3 Be2 17. Rfe1 Bxd3 18. Nxc6 Qc7 19. Nxb8 Qxb8 20. Nxc5 Bc4 21. Qb1
Qa7 22. b4 a5 23. axb5 Bxb5 24. Rxa5 Qb6 25. Ra8+ Qd8 26. Rxd8+ Kxd8 27. e5 Nd5
28. Qd1 Bc4 29. Qd4 Ba2 30. Ra1 Ke7 31. Rxa2 Rd8 32. Ra7+ Ke8 33. Nb7 Rd7 34.
Nd6+ Ke7 35. Rxd7+ Kxd7 36. Qxd5 f5 37. Nxf5+ Ke8 38. Nxg7+ Kf8 39. Qd7 h5 40.
e6 h4 41. Qf7# 1-0